000 00907nam a22002537a 4500
005 20250422140244.0
008 250422b |||||||| |||| 00| 0 eng d
020 _a978-1-041-02767-6 (hbk)
037 _cREF
040 _aCRL
_cCRL
041 _2eng
_aeng
084 _aY72:(Q).2g R5
_qCRL
245 _aRoutledge handbook of contemporary readings on tribe and religions in India:
_bEmerging negotiations
260 _aLondon, UK:
_bRoutledge,
_c2025.
300 _axxiii, 477p.
365 _b2195.00
_cINR
490 _aRoutledge handbooks
650 _aTribes India
_9752698
650 _aSociology
_9752699
650 _aReligion
_9752700
700 _aBehera, Maguni Charan (Editor)
_9752701
942 _2CC
_cREF
_hY72:(Q).2g R5
_n0
999 _c1309274
_d1309274